000 00422nam a2200181Ia 4500
008 230524s9999 xx 000 0 und d
020 _a8121906873
082 _a515
_bNAR
100 _aShanti Narayan
245 2 _aA Text Book of Matrics
250 _a1ST
260 _aNEW DELHI
_bS.Chand
_c2001
300 _aX;289
500 _aQuantity Number: 5
650 _aMathematics
700 _aP.K. Mittal
942 _cBK
999 _c1388
_d1388